| 000 | 00826nam a2200205 i 4500 | ||
|---|---|---|---|
| 001 | 186473 | ||
| 003 | ES-MaACL | ||
| 005 | 20250801094008.0 | ||
| 008 | 161116s1969 sp |||| | spa d | ||
| 100 | 1 |
_aThoorens, Léon. _9110130 |
|
| 245 | 1 | 0 |
_aRusia, Europa Oriental y del Norte _b: las literaturas eslavas, balcánicas y escandinavas, Flandes y Países Bajos / _cLéon Thoorens ; [traducido del francés por L. Rodríguez]. |
| 260 |
_aMadrid : _bDaimon, _cD.L. 1969. |
||
| 300 |
_a450 p., 14 h. con lám. neg. y col. ; _c19 cm. |
||
| 490 | 1 |
_aPanorama de las literaturas Daimon ; _v7 |
|
| 650 | 0 | 4 |
_aLiteratura europea- _xHistoria y crítica _914577 |
| 700 | 0 |
_aRodríguez, L. _998270 |
|
| 830 | 0 |
_aPanorama de las literaturas Daimon ; _v7 _9192564 |
|
| 852 |
_aES-MaACL _jD-2315 |
||
| 999 |
_c186473 _d186473 |
||